| 000 | 00905nam a22003257a 4500 | ||
|---|---|---|---|
| 001 | BR0809015 | ||
| 003 | BR-BrBNA | ||
| 005 | 20230928102811.0 | ||
| 007 | ta | ||
| 008 | 230509b bl.||||| |||| 00| 0 por d | ||
| 040 |
_aBR-BrBNA _bpor _cBiblioteca Nacional de Agricultura |
||
| 041 | _a(Por) | ||
| 072 |
_aL51; L53; L52 _b8105 _b8150 |
||
| 090 | _ 8105 BR0809015 | ||
| 100 | 1 | _aBaldisserotto, B. | |
| 245 | 1 | _aFisiologia de peixes aplicada à piscicultura | |
| 260 | 3 |
_aSanta Maria, RS (Brasil): _c2002. |
|
| 300 | _a211 p. | ||
| 500 | _aBibliography p. 179-203; 9 tables; 39 illus. | ||
| 650 | _aPEIXE DE ÁGUA DOCE | ||
| 650 | _aPEIXE MARINHO | ||
| 650 | _aFISIOLOGIA ANIMAL | ||
| 650 | _aDIGESTÃO | ||
| 650 | _aRESPERAÇÃO | ||
| 650 | _aAPARELHO CIRCULATÓRIO | ||
| 650 | _aREPRODUÇÃO ANIMAL | ||
| 650 | _aPERFORMANCE | ||
| 909 |
_a202309 _bLucia _c55 _dLucia Elande |
||
| 942 | _cBK | ||
| 999 |
_c72500 _d72500 |
||